000 00824cam a2200289Ia 4500
020 _a082136488X
040 _cBCN
082 _a338 WOR 2006 A019 Or.
245 0 0 _aDoing business 2007 :
_bhow to reform.
246 3 0 _aHow to reform
246 3 3 _aComparing regulation in 175 economies
246 3 3 _aDoing business in 2007
260 _aWashington, D.C. :
_bWorld Bank,
_cc2006.
300 _a185 p. :
_bill. ;
_c27 cm.
650 0 _aTrade regulation.
650 0 _aCommercial law.
650 0 _aTrade regulation.
650 0 _aIndustrial management.
650 0 _aBusiness enterprises
650 0 _aDelegated legislation
700 1 _aDjankov, Simeon.
700 1 _aMcLiesh, Caralee.
700 1 _aKlein, Michael
710 2 _aWorld Bank.
710 2 _aInternational Finance Corporation.
942 _cEK
999 _c12167
_d12167